|
|
|
|
| LEADER |
00638nam a22001937a 4500 |
| 020 |
|
|
|a 9788182676664
|
| 082 |
|
|
|a M 591.954 83
|b NAZ/K
|
| 100 |
|
|
|a Nazeer N A
|9 175422
|
| 245 |
|
|
|a Kadum Camerayum/
|c by Nazeer N A
|
| 250 |
|
|
|a 3rd.
|
| 260 |
|
|
|a Kozhikode:
|b Mathrubhumi Books,
|c 2018.
|
| 300 |
|
|
|a 183p
|b Pictures
|
| 650 |
|
|
|a Wild Animals
|9 175423
|
| 650 |
|
|
|a Wildlife Photography
|9 175424
|
| 650 |
|
|
|a Forest
|9 175425
|
| 650 |
|
|
|a Science
|9 175426
|
| 942 |
|
|
|c BK
|
| 999 |
|
|
|c 142637
|d 142637
|
| 952 |
|
|
|0 0
|1 0
|4 0
|6 M_591_954000000000000_83_NAZ_K
|7 0
|9 98816
|a SSUS
|b SSUS
|c STACKS
|d 2019-08-24
|g 270.00
|o M 591.954 83 NAZ/K
|p 095705
|r 2019-08-24
|w 2019-08-24
|y BK
|